| 000 | 00979nam a2200301Ia 4500 | ||
|---|---|---|---|
| 001 | Para_5925 | ||
| 003 | CHAP | ||
| 008 | 220125s1983 xx 000 0 und d | ||
| 010 | _a204386 | ||
| 040 | _cCHAP | ||
| 082 | _aPA 575.10184 M3 1983 | ||
| 100 |
_aMartínez Garza, Angel _972079 |
||
| 245 |
_aDiseños y análisis de experimentos de cruzas dialélicas / _c por Angel Martínez Garza |
||
| 250 | _a2 | ||
| 260 |
_aChapingo, Méx. : _b CP. Centro de Estadística y Cálculo |
||
| 300 | _a252 p. | ||
| 650 |
_aDiseños experimentales _932735 |
||
| 650 |
_aGenética _xModelos matemáticos _947479 |
||
| 650 |
_aProcesamiento automático de datos en genética _991782 |
||
| 710 |
_aColegio de Postgraduados Chapingo. Centro de Estadística y Cálculo _9170290 |
||
| 901 | _aPA 575.10184 M3 1983 | ||
| 902 | _aM | ||
| 905 | _a0000001983 0000000000 00 | ||
| 910 | _a1983 | ||
| 942 | _cPARA | ||
| 942 |
_cPARA _d1 |
||
| 999 |
_c204386 _d204386 |
||